|
|
|
|
| LEADER |
02099nam a2200553 i 4500 |
| 001 |
nkc20182995020 |
| 003 |
CZ PrNK |
| 005 |
20190222094348.0 |
| 007 |
ta |
| 008 |
180509s2018 xr a g 6 000 1 cze |
| 015 |
|
|
|a cnb002995020
|
| 020 |
|
|
|a 978-80-7449-611-0
|q (Crew ;
|q brožováno)
|
| 020 |
|
|
|a 978-80-7595-039-0
|q (BB/art ;
|q brožováno) :
|c Kč 99,00
|
| 035 |
|
|
|a (OCoLC)1039840493
|
| 040 |
|
|
|a ABA001
|b cze
|e rda
|
| 041 |
1 |
|
|a cze
|h eng
|
| 072 |
|
7 |
|a 821-1/-8
|x Literatura různých forem a žánrů
|2 Konspekt
|9 25
|
| 080 |
|
|
|a 821-312.5
|2 MRF
|
| 080 |
|
|
|a (084.1)
|2 MRF
|
| 100 |
1 |
|
|a Johns, Geoff,
|d 1973-
|7 xx0133565
|4 aut
|
| 240 |
1 |
0 |
|a DC Universe - rebirth.
|l Česky
|
| 245 |
1 |
0 |
|a Znovuzrození hrdinů DC /
|c Geoff Johns, Gary Frank, Ethan van Sciver, Ivan Reis, Phil Jimenez ; překlad: Ľudovít Plata
|
| 246 |
3 |
|
|a Hrdinové DC - znovuzrození
|
| 250 |
|
|
|a První vydání
|
| 264 |
|
1 |
|a Praha :
|b Crew s.r.o. ve spolupráci s BB/art,
|c 2018
|
| 300 |
|
|
|a 91 nečíslovaných stran :
|b barevné ilustrace ;
|c 26 cm
|
| 336 |
|
|
|a text
|b txt
|2 rdacontent
|
| 336 |
|
|
|a statický obraz
|b sti
|2 rdacontent
|
| 337 |
|
|
|a bez média
|b n
|2 rdamedia
|
| 338 |
|
|
|a svazek
|b nc
|2 rdacarrier
|
| 490 |
1 |
|
|a Světové komiksy česky
|
| 490 |
1 |
|
|a BB art komiks
|
| 500 |
|
|
|a Přeloženo z angličtiny
|
| 500 |
|
|
|a Scénář Geoff Johns, kresby Gary Frank, Ethan van Sciver, Ivan Reis a Phil Jimenez
|
| 655 |
|
7 |
|a komiksy
|7 fd131978
|2 czenas
|
| 655 |
|
9 |
|a comics
|2 eczenas
|
| 700 |
1 |
|
|a Frank, Gary,
|d 1969-
|7 ola2010548280
|4 ill
|
| 700 |
1 |
|
|a Van Sciver, Ethan,
|d 1975-
|7 mzk2008442844
|4 ill
|
| 700 |
1 |
|
|a Reis, Ivan,
|d 1976-
|7 xx0133571
|4 ill
|
| 700 |
1 |
|
|a Jimenez, Phil,
|d 1970-
|7 kv2017966842
|4 ill
|
| 700 |
1 |
|
|a Plata, Ľudovít,
|d 1978-
|7 xx0078537
|4 trl
|
| 830 |
|
0 |
|a Světové komiksy česky
|0 s
|
| 830 |
|
0 |
|a BB art komiks
|0 s
|
| 830 |
|
0 |
|a Znovuzrození hrdinů DC (BB/art : Crew)
|0 s
|
| 910 |
2 |
|
|a BOA001
|b 3-1407.718
|
| 928 |
9 |
|
|a BB/art
|
| 990 |
|
|
|a BK
|
| 995 |
|
|
|a 01
|
| 996 |
6 |
|
|b 2610745894
|c 3-1407.718
|l MZK
|r Sklad / do 1 hodiny
|n 0
|p p.v.
|w 001668783
|u 000010
|a 1
|e BOA001
|j MZK50
|s P
|